000 00669cab a2200169 4500
001 L136384
008 070130n2006 000 0 eng u
035 _a(Sirsi) u136384
041 0 _aeng
245 0 0 _aSale questionnaire to be tested
260 _c2006
490 0 0 _aJournal of the Law Society of Scotland
_v51(11) November 2006, 48(1)
520 _aDiscusses the launch of a 12 week pilot scheme in nine areas of the country which aims to test a form of seller's questionnaire on different types of live property transactions.
651 4 _aScotland
_y1999-
690 _aPROPERTY-RESIDENTIAL PROPERTY-RESIDENTIAL PROPERTY ACQUISITION AND DISPOSAL
942 _n0
999 _c78262
_d78262